[Event "AUTO-OPEN-932"]
[Site "http://www.queenalice.com/game.php?id=319195"]
[Date "2007.12.12"]
[Round "1"]
[White "dstroid"]
[Black "MGimenes"]
[Result "0-1"]
[WhiteElo "1214"]
[BlackElo "1857"]

1. e4 e6 2. e5 d5 3. Nh3 Nc6 4. Nc3 Nxe5 5. d4 Nc6 6. Bb5 Bd7 7. Bg5 Nf6 8. O-O
h6 9. Bh4 Bd6 10. Rc1 g5 11. Bg3 a6 12. Ba4 Qe7 13. Ne2 O-O-O 14. Qe1 Bxg3 15.
Nxg3 Nxd4 16. Qa5 Bxa4 17. c3 Bb5 18. cxd4 Bxf1 19. Nxf1 Qd6 20. b4 Qd7 21. a4
Qd6 22. b5 g4 23. Ne3 gxh3 24. gxh3 Rhg8+ 25. Ng4 h5 26. Rc6 bxc6 27. Qxa6+ Kd7
28. bxc6+ Qxc6 29. Qd3 hxg4 30. h4 Qxa4 31. h5 Nxh5 32. h4 gxh3+ 33. Kh2 Nf4 34.
Qf3 Rg2+ 35. Kh1 Qa1+ 0-1

[Event "AUTO-OPEN-932"]
[Site "http://www.queenalice.com/game.php?id=319196"]
[Date "2007.12.12"]
[Round "1"]
[White "MGimenes"]
[Black "dstroid"]
[Result "1-0"]
[WhiteElo "1844"]
[BlackElo "1210"]

1. d4 d5 2. c4 dxc4 3. e4 c6 4. Bxc4 Qa5+ 5. Nc3 b5 6. Bb3 Qb4 7. Qf3 e6 8. Ne2
Nd7 9. e5 Be7 10. Bd2 Nh6 11. Nd5 Qxd2+ 12. Kxd2 Bb4+ 13. Nxb4 O-O 14. Nxc6 Re8
15. Ne7+ Rxe7 16. Qxa8 Nb6 17. Rac1 Nxa8 18. Rxc8+ Re8 19. Rxe8# 1-0

[Event "Challenge"]
[Site "http://www.queenalice.com/game.php?id=354721"]
[Date "2008.2.15"]
[Round "-"]
[White "Ginga"]
[Black "dstroid"]
[Result "0-1"]
[WhiteElo "1261"]
[BlackElo "1273"]

1. d4 Nc6 2. d5 Nb4 3. Qd4 a5 4. Nd2 Nxc2+ 5. Kd1 Nxa1 6. f4 a4 7. Ngf3 Nf6 8.
Ng5 a3 9. bxa3 Ra5 10. Qxa1 Nxd5 11. e4 Ne3+ 12. Ke2 Nc2 13. Qc3 b6 14. Qxc2 f6
15. Ngf3 Rc5 16. Qb2 d5 17. Nd4 dxe4 18. Nc6 Rxc6 19. Nxe4 f5 20. Ng5 h6 21. Nf3
e6 22. Be3 g5 23. fxg5 Ba6+ 24. Kf2 Qd1 25. Ne5 Rc2+ 26. Qxc2 Qxc2+ 27. Kg3 Bd6
28. Bxa6 Bxe5+ 29. Kf3 Qe4+ 30. Ke2 f4 31. Rc1 Qxe3+ 32. Kf1 Qxc1+ 33. Kf2 hxg5
34. Bb7 Bd4+ 35. Kf3 Qd1+ 36. Ke4 e5 37. a4 Qc2+ 38. Kd5 Qc5+ 39. Ke4 Rxh2 40.
Kf5 Rxg2 41. Bxg2 Qc2+ 42. Kxg5 Qxg2+ 43. Kh6 f3 44. a3 f2 45. a5 f1=Q 46. a6
Qfh1# 0-1

[Event "AUTO-BEG-186"]
[Site "http://www.queenalice.com/game.php?id=356637"]
[Date "2008.2.18"]
[Round "1"]
[White "I_might_be_a_duck"]
[Black "dstroid"]
[Result "1-0"]
[WhiteElo "1454"]
[BlackElo "1273"]

1. e4 e5 2. Nf3 Bd6 3. Bc4 Ne7 4. Bxf7+ Kxf7 5. Ng5+ Ke8 6. Qh5+ Ng6 7. d3 Bb4+
8. c3 Ba5 9. Nxh7 Qh4 10. Qxg6+ Ke7 11. Bg5+ Qxg5 12. Qxg5+ Ke6 13. Qg6+ Ke7 14.
Ng5 Rf8 15. Qxg7+ Ke8 16. Qxe5+ Kd8 17. Qxa5 Nc6 18. Qd5 Ne7 19. Qd4 Rf4 20.
Qh8+ Ng8 21. Qxg8+ Ke7 22. Nd2 b5 23. Ndf3 a5 24. O-O-O Rf8 25. Qg7+ Ke8 26. e5
c5 27. Rhe1 a4 28. e6 d6 29. e7 Rf4 30. Qg8+ Kd7 31. e8=Q+ Kc7 32. Qd5 Bb7 33.
Re7+ Kb6 34. Qxb7+ Ka5 35. Qexb5# 1-0

[Event "AUTO-BEG-186"]
[Site "http://www.queenalice.com/game.php?id=356638"]
[Date "2008.2.18"]
[Round "1"]
[White "dstroid"]
[Black "I_might_be_a_duck"]
[Result "0-1"]
[WhiteElo "1255"]
[BlackElo "1417"]

1. d4 d5 2. Nh3 Nc6 3. e3 Nf6 4. Bd3 b6 5. O-O Bxh3 6. gxh3 e5 7. dxe5 Nxe5 8.
Bb5+ c6 9. Ba6 Bd6 10. Bb7 Rb8 11. Ba6 Ne4 12. f3 Nxf3+ 13. Rxf3 Qg5+ 14. Kf1
Bxh2 15. Ke1 O-O 16. Qd4 c5 17. Qd3 Rbe8 18. Bb7 Qg1+ 19. Rf1 Qg3+ 20. Ke2 c4
21. Qxd5 Rd8 22. Qxe4 Qxh3 23. Rh1 f5 24. Bd5+ Kh8 25. Bxc4 fxe4 26. Nd2 Qg2+
27. Kd1 Qxh1+ 28. Ke2 Bg3 29. Nxe4 Qe1# 0-1

[Event "AUTO-BEG-186"]
[Site "http://www.queenalice.com/game.php?id=356653"]
[Date "2008.2.18"]
[Round "1"]
[White "dstroid"]
[Black "Mauricio1990"]
[Result "0-1"]
[WhiteElo "1289"]
[BlackElo "1778"]

1. Nh3 e5 2. e4 Nf6 3. Bc4 h6 4. O-O d5 5. exd5 Bxh3 6. gxh3 Nxd5 7. Qf3 c6 8.
Re1 f6 9. Qh5+ Ke7 10. Qf5 Qd7 11. Qg4 Qxg4+ 12. hxg4 Kf7 13. a3 Bd6 14. a4 Re8
15. a5 g5 16. d4 exd4 17. Rxe8 Kxe8 18. Bd3 Nd7 19. c4 Nf4 20. b4 Nxd3 21. Ba3
N7e5 22. Nd2 Bxb4 23. Bxb4 Nxb4 24. Ne4 Ke7 25. Rd1 Rd8 26. Nc5 b6 27. axb6 axb6
28. Ne4 Nxc4 29. Rc1 Nd6 30. Ng3 c5 31. Re1+ Kf7 32. Nh5 c4 33. f4 d3 34. fxg5
Rg8 35. gxh6 Rxg4+ 36. Kh1 Ne4 37. h7 Nf2# 0-1

[Event "AUTO-BEG-186"]
[Site "http://www.queenalice.com/game.php?id=356654"]
[Date "2008.2.18"]
[Round "1"]
[White "Mauricio1990"]
[Black "dstroid"]
[Result "1-0"]
[WhiteElo "1754"]
[BlackElo "1271"]

1. d4 d5 2. c4 c6 3. Nc3 e6 4. e3 dxc4 5. Bxc4 b5 6. Bd3 Nf6 7. Nge2 b4 8. Ne4
Qd5 9. Nxf6+ gxf6 10. O-O Rg8 11. f3 e5 12. Bxh7 Rh8 13. Be4 Qe6 14. Ng3 exd4
15. Bf5 Qc4 16. Bxc8 d3 17. Bb7 Qh4 18. Qxd3 Qxh2+ 19. Kf2 Rg8 20. Qe4+ Be7 21.
Bxc6+ Nd7 22. Bxd7+ Kxd7 23. Qb7+ Kd6 24. Rd1+ Kc5 25. Ne4+ Kc4 26. Rd4# 1-0

[Event "Challenge"]
[Site "http://www.queenalice.com/game.php?id=368676"]
[Date "2008.3.10"]
[Round "-"]
[White "dstroid"]
[Black "amandolin"]
[Result "1-0"]
[WhiteElo "1255"]
[BlackElo "1312"]

1. e4 e5 2. Nf3 Nc6 3. Bc4 Nf6 4. Ng5 Nxe4 5. Nxe4 Be7 6. Qf3 O-O 7. O-O Nd4 8.
Qh5 c6 9. c3 Nc2 10. d4 d5 11. Bd3 Nxa1 12. Nf6+ Bxf6 13. Qxh7# 1-0

[Event "Challenge"]
[Site "http://www.queenalice.com/game.php?id=394585"]
[Date "2008.4.28"]
[Round "-"]
[White "dstroid"]
[Black "william_1987br"]
[Result "0-1"]
[WhiteElo "1287"]
[BlackElo "1382"]

1. Nh3 e5 2. e4 Bc5 3. Bc4 Nf6 4. g4 Nxe4 5. g5 Nxg5 6. Qh5 Qf6 7. f4 Ne6 8. f5
Nf4 9. Nf2 Nxh5 10. Rg1 Qb6 11. Ng4 Bxg1 12. Nxe5 Qf2+ 13. Kd1 Bxh2 14. Nd3 Qxf5
15. Nc3 d6 16. Bd5 a5 17. Nb5 O-O 18. Nxc7 Ra7 19. a4 Bg3 20. Ne1 Qf1 21. c4 Bf5
22. Bf3 Qxe1# 0-1

[Event "Challenge"]
[Site "http://www.queenalice.com/game.php?id=409139"]
[Date "2008.5.27"]
[Round "-"]
[White "ayrton"]
[Black "dstroid"]
[Result "1-0"]
[WhiteElo "1899"]
[BlackElo "1275"]

1. e4 e5 2. Nf3 Qe7 3. Bc4 d6 4. O-O Bg4 5. d3 Nc6 6. c3 a6 7. Be3 Na5 8. Bd5 c6
9. Bb3 d5 10. exd5 cxd5 11. Bxd5 Nf6 12. Qa4+ b5 13. Qxa5 Nxd5 14. Nbd2 f5 15.
Bg5 Nf6 16. Rfe1 e4 17. dxe4 Qc5 18. exf5+ Kd7 19. Re5 Qd6 20. Rd1 h6 21. Bxf6
gxf6 22. Ree1 Qd3 23. Nb3 Qd6 24. Rxd6+ Bxd6 25. Nbd4 h5 26. Qb6 Rhc8 27. Re6
Be7 28. Qb7+ Rc7 29. Qxa8 Rc8 30. Rxe7+ Kxe7 31. Qxc8 Kd6 32. Qxa6+ Kc7 33. Qxf6
Kd7 34. h3 Bxf3 35. Nxf3 Kc7 36. Qe6 Kd8 37. f6 Kc7 38. f7 Kb7 39. f8=Q 1-0

[Event "Challenge"]
[Site "http://www.queenalice.com/game.php?id=410154"]
[Date "2008.5.30"]
[Round "-"]
[White "dstroid"]
[Black "Chesstiger"]
[Result "0-1"]
[WhiteElo "1275"]
[BlackElo "1695"]

1. e4 e5 2. Nf3 Nc6 3. Bb5 Nd4 4. Nxd4 exd4 5. Qh5 Nf6 6. Qe5+ Be7 7. Qxd4 O-O
8. e5 c5 9. Qh4 Nd5 10. Qe4 Nc7 11. Bd3 g6 12. f4 f5 13. Qf3 Ne6 14. Bc4 Kg7 15.
g4 Nd4 16. Qd3 Bh4+ 17. Kf1 fxg4 18. c3 Rxf4+ 19. Kg1 Nf3+ 20. Kg2 Nxe5 21. Qd6
Rf2+ 22. Kg1 Nf3# 0-1

[Event "AUTO-BEG-164"]
[Site "http://www.queenalice.com/game.php?id=463873"]
[Date "2008.9.16"]
[Round "2"]
[White "arvo1938"]
[Black "dstroid"]
[Result "1-0"]
[WhiteElo "1913"]
[BlackElo "1311"]

1. e4 e5 2. Nf3 Be7 3. Nxe5 Nh6 4. Bc4 O-O 5. d4 d6 6. Bxh6 dxe5 7. Be3 exd4 8.
Qxd4 Qxd4 9. Bxd4 Bd6 10. Nd2 Nc6 11. c3 a6 12. O-O-O b5 13. Bd5 Bb7 14. Bxc6
Bxc6 15. e5 Be7 16. f3 a5 17. h4 b4 18. Ne4 f5 19. Ng5 h6 20. Ne6 Rf7 21. Nxc7
b3 22. axb3 Rb8 23. Kc2 a4 24. b4 h5 25. Ne6 g6 26. Bc5 Re8 27. Bxe7 Rfxe7 28.
Nd4 Bd5 29. f4 Bxg2 30. Rhg1 Be4+ 31. Kd2 Rd8 32. Ke3 Red7 33. Rxg6+ 1-0

[Event "AUTO-BEG-164"]
[Site "http://www.queenalice.com/game.php?id=463874"]
[Date "2008.9.16"]
[Round "2"]
[White "dstroid"]
[Black "arvo1938"]
[Result "0-1"]
[WhiteElo "1313"]
[BlackElo "1911"]

1. e4 e5 2. Nh3 Nf6 3. d4 d6 4. Bc4 Bxh3 5. gxh3 Nxe4 6. Qf3 Ng5 7. Qf5 Qf6 8.
Qc8+ Qd8 9. Qg4 Be7 10. f4 exf4 11. h4 d5 12. Bb5+ c6 13. Bd3 Ne6 14. h5 Bh4+
15. Kd1 Qg5 16. Qh3 Nxd4 17. c3 Qxh5+ 18. Kd2 O-O 19. cxd4 Be1+ 20. Rxe1 Qxh3
21. Bf1 Qxh2+ 22. Re2 Qg1 23. Ke1 f3 24. Be3 Qg4 25. Rf2 Re8 26. Kd2 Nd7 27. b4
Qe4 28. Nc3 Qxe3+ 29. Kc2 Qxf2+ 30. Kb3 Qxd4 31. Rd1 Qg4 32. a3 d4 33. Nb1 Re3+
0-1

[Event "AUTO-BEG-164"]
[Site "http://www.queenalice.com/game.php?id=463879"]
[Date "2008.9.16"]
[Round "2"]
[White "dstroid"]
[Black "mesmo"]
[Result "0-1"]
[WhiteElo "1309"]
[BlackElo "1496"]

1. e4 c5 2. a3 g6 3. a4 Bg7 4. Nf3 d6 5. Bc4 Bg4 6. a5 a6 7. h3 Bh5 8. g4 Bxg4
9. hxg4 Nf6 10. e5 Nxg4 11. Ng5 Nxe5 12. Bd5 Ra7 13. f4 Nd3+ 14. cxd3 e6 15. Bc4
d5 16. Bb3 h6 17. Nh3 Nc6 18. Ba4 O-O 19. Bxc6 bxc6 20. Ra3 Re7 21. Nc3 d4 22.
Ne4 Qd5 23. Qc2 Rb8 24. Nxc5 Qxh1+ 25. Ke2 Qxh3 26. Nxa6 e5 27. f5 e4 28. dxe4
d3+ 29. Rxd3 Qh2+ 30. Ke3 Ra8 0-1

[Event "AUTO-BEG-164"]
[Site "http://www.queenalice.com/game.php?id=463880"]
[Date "2008.9.16"]
[Round "2"]
[White "mesmo"]
[Black "dstroid"]
[Result "1-0"]
[WhiteElo "1504"]
[BlackElo "1322"]

1. d4 c6 2. e4 Qa5+ 3. Bd2 Qb5 4. Bxb5 cxb5 5. Nf3 Nf6 6. e5 Ne4 7. O-O h5 8.
Nc3 Nxd2 9. Qxd2 a6 10. Qf4 b4 11. Ng5 f6 12. Nf7 Rh6 13. Nxh6 gxh6 14. Nd5 Bg7
15. Nc7+ Kf8 16. Nxa8 b5 17. exf6 exf6 18. Qxb8 Kg8 19. Rae1 Kf8 20. Qxc8+ Kf7
21. Qxd7+ Kg6 22. Re3 h4 23. Qg4+ Kh7 24. Rfe1 a5 25. Re7 1-0